Vliv inovací na konkurenceschopnost podniků

Pojem inovácia. Schopnosť vytvárať inovácie v oblasti výrobných procesov. Globálne prostredie. Nové chápanie konkurencieschopnosti. Schéma konkurencieschopnosti. Vplyv inovácií na konkurencieschopnosť. Podpora inovácií v rámci Európskej únie. Trendy a megatrendy v inovačnom podnikaní.

Gespeichert in:
Bibliographische Detailangaben
1. Verfasser: Štverková, Hana
Weitere Verfasser: Hofrová, Simona
Format: Buchkapitel
Sprache:Tschechisch
Schlagworte:
Tags: Tag hinzufügen
Keine Tags, Fügen Sie das erste Tag hinzu!

MARC

LEADER 00000naa$a2200000$$$4500
001 0113788
005 20220718114404.5
041 0 |a cze 
044 |a SK 
245 1 0 |a Vliv inovací na konkurenceschopnost podniků  |c Hana Štverková, Simona Hofrová 
520 |a Pojem inovácia. Schopnosť vytvárať inovácie v oblasti výrobných procesov. Globálne prostredie. Nové chápanie konkurencieschopnosti. Schéma konkurencieschopnosti. Vplyv inovácií na konkurencieschopnosť. Podpora inovácií v rámci Európskej únie. Trendy a megatrendy v inovačnom podnikaní. 
610 2 0 |a inovácia 
610 2 0 |a konkurencieschopnosť 
610 2 0 |a proces výrobný 
610 2 0 |a prostredie podnikateľské 
610 2 0 |a pojmy 
610 2 0 |a stratégia inovačná 
100 1 |a Štverková, Hana 
700 1 |a Hofrová, Simona